اكتمل التصدير — 

The journal of the Association of Graduates in Near Eastern Studies.

محفوظ في:

مؤلف مشترك: Association of Graduates in Near Eastern Studies (University of California, Berkeley)

التنسيق: كتاب

اللغة: English

منشور في: Berkeley, CA : Association, UC Berkeley, University of California, c1991-

الموضوعات:

الوسوم: إضافة وسم

لا توجد وسوم, كن أول من يضع وسما على هذه التسجيلة!

رقم الطلب: (J)DS41 .J876

LEADER 00907nam a22002297a 4500
003 OSt
005 20250925084544.0
008 250925d19912004cauar p 0 a0eng d
040 |c ARCE Library 
050 1 4 |a (J)DS41  |b .J876 
245 1 4 |a The journal of the Association of Graduates in Near Eastern Studies. 
246 1 3 |a JAGNES  
264 1 |a Berkeley, CA :   |b Association, UC Berkeley, University of California,   |c c1991- 
300 |a v. :   |b ill. ;   |c 28 cm. 
500 |a Continues: Journal of the Association of Graduate Near Eastern Students ISSN:1054-0105. 
650 0 |a Middle Eastern literature -- History and criticism -- Periodicals. 
651 0 |a Middle East -- Antiquities -- Periodicals. 
651 0 |a Middle East -- History -- Periodicals. 
710 2 |a Association of Graduates in Near Eastern Studies (University of California, Berkeley) 
901 |a reviewed 
942 |2 lcc  |c BK 
999 |c 50332  |d 50332